Estadísticas para Países más cercanos a Uzbekistán

Haz click aquí para intentar la prueba.

Estadísticas generales

  • Esta prueba ha sido intentada 23 veces
  • La puntuación promedio es 18 de 20

Estadísticas de respuestas

kmpaís% Correcto
108China
100%
617India
100%
524Rusia
100%
821Armenia
95%
774Georgia
95%
329Irán
95%
0Kazajistán
95%
0Kirguistán
95%
330Pakistán
95%
0Tayikistán
95%
0Turkmenistán
95%
0Afganistán
91%
484Azerbaiyán
91%
1039Irak
91%
1260Siria
91%
964Turquía
91%
1517Mongolia
86%
1466Nepal
77%
1442Kuwait
68%
1543Omán
55%

Distribución de puntuación

Porcentaje por número respondido

Porcentaje de gente con cada puntuación

Historial de tus puntuaciones

No has intentado esta prueba.